000 01288cam a22002654a 4500
001 14191778
003 OSt
005 20260216111158.0
008 051207s2005 enk b 001 0 eng
010 _a 2005284452
020 _a9780521855662
040 _aDLC
_cDLC
_dDLC
042 _apcc
082 _a347.01 THO
100 _aThomas, E. W.
245 1 4 _aThe judicial process :
_brealism, pragmatism, practical reasoning, and principles /
_cE.W. Thomas.
260 _aCambridge :
_bCambridge University Press,
_c2006.
300 _axxvi, 414 p. ;
_c25 cm.
505 _aIntroduction; Muddling along; The curse of formalism; Legal fundamentalism; The idolatry of certainty; The piety of precedent; The foibles of precedent – a case study; There is no impersonal law; So, what is the law?; The constraints on the judiciary; Towards a new judicial methodology; Of realism and pragmatism; Of practical reasoning and principles; Taking law seriously; A theory of ameliorative justice.
650 0 _aJudicial process.
856 4 1 _3Table of contents
_uhttp://www.loc.gov/catdir/enhancements/fy0632/2005284452-t.html
906 _a7
_bcbc
_corignew
_d2
_encip
_f20
_gy-gencatlg
942 _2ddc
_cBK
999 _c112790
_d112790